00916nam a22002297a 4500003000400000005001700004008004100021020001500062040002900077050002500106100002800131245006400159250001200223260005300235300001700288650007100305650005900376650005300435942001500488952016600503999001700669OSt20260629114713.0260629b |||||||| |||| 00| 0 eng d a0932796761 cChuka University Library aLB 1027.5b.M97 1997 aMyrick Robert D.931413 aDevelopmental Guidance and Counseling: A Practical Approach a3rd ed. aMinneapolisbEducational Media Corporationc1997 ax 406 pages aEducational Counselling...United States...Handbook ,Manuals931414 aCounselling...United States...Handbook, Manuals931415 aDevelopmental Psychology....United States931416 2lcccBKn0 00102lcc40708LGLaCHKbCHKcGENd2026-06-29eDonation from Books for Africag1164.42l0oLB 1027.5 .M97 1997p35968/2026r2026-06-29 11:50:38w2026-06-29yBK c25317d25317